000 00598nam a2200169 4500
001 127924
003 ES-MaACL
005 20230906193124.0
007 t|
008 070214s1959 sp r ||||1| spa d
100 1 _aRío Velasco, Justo del.
_997341
245 1 0 _aDanzas típicas burgalesas
_b: (tradiciones y costumbres) /
_cpor Ignotus (seud.) ; introducción del Doctor José María Codón.
260 _aBurgos :
_b[s.n.],
_c1959 (
_fHijos de S. Rodríguez)
300 _a287 p., 43 lám. :
_bil. ;
_c22 cm.
700 1 _aCodón, José María.
_939441
852 _aES-MaACL
_jC-10345
_bR.43865
999 _c127924
_d127924